ITMA 2003 review , textile Printing
Este artc̕ulo examina los desarrollos mostrados en ITMA 2003 (International Exhibition of Textile Machinery) en el r̀ea de estampado textil. Se exhibieron nuevos equipos y tčnicas para estampado plano (flat screen printing), estampado a mq̀uina (rotary screen printing) y estampado por calcomana̕ (t...
Saved in:
| Andre forfattere: | , |
|---|---|
| Format: | Bog |
| Sprog: | engelsk |
| Fag: | |
| Online adgang: | ITMA 2003 review , textile Printing |
| Tags: |
Tilføj Tag
Ingen Tags, Vær først til at tagge denne postø!
|
MARC
| LEADER | 00000nam a22000004a 4500 | ||
|---|---|---|---|
| 001 | vpro1752 | ||
| 005 | 20201223000000.0 | ||
| 008 | 120822s2007 ck # g## #001 0#eng#d | ||
| 020 | |||
| 022 | |a 1533-0915 | ||
| 040 | |a CO-BoINGC | ||
| 041 | 0 | |a eng | |
| 245 | 1 | 0 | |a ITMA 2003 review , textile Printing |
| 246 | |a Revisin̤ ITMA 2003 : estampado textil | ||
| 264 | |a Bogot ̀(Colombia) : |b Revista VirtualPRO, |c 2007 | ||
| 520 | 3 | |a Este artc̕ulo examina los desarrollos mostrados en ITMA 2003 (International Exhibition of Textile Machinery) en el r̀ea de estampado textil. Se exhibieron nuevos equipos y tčnicas para estampado plano (flat screen printing), estampado a mq̀uina (rotary screen printing) y estampado por calcomana̕ (transfer printing). Sin embargo, el r̀ea de estampado textil digital de inyeccin̤ de tinta parece generar el mayor interš global desde el punto de vista de los expositores y los visitantes. La mayor parte de las personas interesadas en el r̀ea de estampado textil parecen sentir que ITMA 2003 fue altamente exitosa. | |
| 650 | \ | \ | |a Industria textil |
| 650 | \ | \ | |a Textile industry |
| 650 | \ | \ | |a Gňeros de telas |
| 650 | \ | \ | |a Tejidos de telas |
| 650 | \ | \ | |a Estampado textil |
| 650 | \ | \ | |a Kinds of fabrics |
| 650 | \ | \ | |a Woven fabrics |
| 650 | \ | \ | |a Textile printing |
| 700 | \ | \ | |a Moser Len̤ S. |
| 700 | \ | \ | |a Journal of Textile and Apparel, Technology and Management (JTATM) |
| 856 | |z ITMA 2003 review , textile Printing |u https://virtualpro.unach.elogim.com/biblioteca/revision-itma-2003-estampado-textil | ||